| 000 | 00708nam a2200217 4500 | ||
|---|---|---|---|
| 003 | LK-CoMWRAF | ||
| 008 | 230822b1988 |||||||| |||| 00| 0 eng d | ||
| 020 | _a971860300x | ||
| 040 |
_aLK-CoMWRAF _dLK-CoMWRAF _eLK-CoMWRAF |
||
| 041 | _aeng | ||
| 082 |
_a331.4 _bINT |
||
| 111 |
_aINTERNATIONAL CONSULTATION ON MICRO-CHIPS TECHNOLOGY _c (Manila, Philippines, _dOctober 1986) |
||
| 245 |
_aFrom Bonding Wires to Banding Women: _bProceedings |
||
| 260 |
_aQuezon city: _bCenter for Women's resources, _c1988 |
||
| 300 | _a67 p. | ||
| 650 | _aEMPLOYER EMPLOYEE RELATIONSHIP | ||
| 650 | _aWomen-Microchips industry | ||
| 650 | _aQuality of working life | ||
| 650 | _aTechnological advancement | ||
| 942 | _cCP | ||
| 999 |
_c3249 _d3249 |
||